000 00586nam a22001937a 4500
999 _c20662
_d20662
005 20191227072839.0
008 191227b xxu||||| |||| 00| 0 spa d
020 _a3774242356
040 _aCO-BoIAVH
_cCO-BoIAVH
041 _ager
044 _agx
082 _a581.634
_bP75g
100 _aPodlech, Dieter
245 _aGU Natur-führer Heil pflanzen
_cDieter Podlech
260 _aMünchen,
_bGräfe und Unzer,
_c1987
300 _a254 páginas
_bFotografías e ilustraciones a color
_c17.9 x 10.1 cm
650 0 _aPlantas medicinales
_zEuropa
942 _2ddc
_cLIBRO